Catéchisme de persévérance ou exposé historique, dogmatique, moral, liturgique, aplologétique, philosophique et social de la religión

Detalles Bibliográficos
Autor principal: GAUME, J. (Abad)
Formato: Libro
Publicado: París 1872
Edición:10a.ed.
Materias:
Colección:Banco de datos
Acervo:Biblioteca Nacional de Antropología e Historia. Fondo Conventual
Descripción Física:t.VIII
Tema general:Catequética
Notas:Buena. Impreso en Corbeil, typ. et stér. de Crété fils. IX, 5, 25
LEADER 00833nam a22002170004500
035 |a 7410 
036 |a 2015 
100 1 |a GAUME, J. (Abad) 
245 1 0 |a Catéchisme de persévérance ou exposé historique, dogmatique, moral, liturgique, aplologétique, philosophique et social de la religión 
250 |a 10a.ed. 
260 |a París  |b ed. Hermanos Gaume y J. Duprey  |c 1872 
300 |a t.VIII 
500 |a Buena. Impreso en Corbeil, typ. et stér. de Crété fils. IX, 5, 25 
650 1 0 |a Catequética 
949 |a B.N.A.H. 
959 |a Biblioteca Nacional de Antropología e Historia. Ciudad de México  |b CCC1 
960 |a Seminario de Morelia  |b DD56 
961 |a Casa de formación del Clero Secular  |b CS 
942 |c B.N.A.H. 
943 |g Biblioteca Nacional de Antropología e Historia. Fondo Conventual 
999 |c 1031942  |d 1031942